000 00200nam a22000977a 4500
082 _aNAJ
100 _aNajam
245 _aPakistan studies
260 _aLahore
_bAziz book depott
_c2008
942 _cBK
999 _c15285
_d15285